00531 2200205 4500001002100000005001700021008004100038035002400079082001000103090001700113100002400130245004500154260003300199300002400232650002100256850001200277980001500289985000600304999001500310YOGYA-0209000006703520090227091934.0 ind  0010-020900000067035 a745.5 a745.5bHer M aHERYANTO, Ayo Yahya aMari membuat sendiricAyo Yahya Heryanto aJakartabBalai Pustakac1997 a67 hlmbilusc21 cm aKerajinan tangan aYOPDYOG a29-11-2008 a1 aA000021442